000 00780nam a22002657a 4500
003 URS
005 20250128205720.0
008 250123b |||||||| |||| 00| 0 eng d
020 _a978-73503-0372-0
040 _cURS
050 0 0 _aHV40
_b.H8381 2024
100 _aHowe, David
_eAuthor
245 _aA Brief introduction to social work theory /
_cDavid Howe, Darren Hill
250 _aSecong Editon
264 1 _aNew York:
_bBloomsbury Publishing plc.,
_c@2024
300 _avi, 262 pages,
_billustrations,
_c23cm.
336 _2rdacontent
_atext
337 _2rdamedia
_aunmediated
338 _2rdacarrier
_avolume
504 _a it Includes Index.
650 _2Social Service
650 _2Social Service--Methology
650 _2Social Work
942 _2lcc
_cFR
999 _c81873
_d81872